000 00969 a2200289 4500
003 OSt
005 20180116192402.0
008 120703t xxu||||| |||| 00| 0 eng d
010 _a 2006283959
020 _a0714846031 (pbk.)
020 _a9780714846033
035 _a(OCoLC)ocm65468355
040 _c0
082 0 4 _a959.70431
100 1 _aGriffiths, Philip Jones.
_95485
245 1 0 _aVietnam Inc. /
_cPhilip Jones Griffiths.
260 _aLondon :
_bPhaidon,
_c2001.
300 _a1 v. (unpaged) ;
_bill. ;
_c28 cm.
500 _aPrevious ed.: 2001.
650 1 0 _aVietnam War, 1961-1975
_95486
650 1 0 _aVietnam War, 1961-1975
_xSocial aspects
_95487
650 1 0 _aGuerre du Viêt-nam, 1961-1975
_95488
650 1 0 _aGuerre du Viêt-nam, 1961-1975
_xAspect social
_95489
650 1 0 _aPhotographie de guerre
_zViêt-nam.
_95490
942 _aSADA
_cBK
_k959.70431 GRI 2001
_2ddc
999 _c353346
_d353346